000 00681nam a2200253Ia 4500
003 OSt
005 20220918223423.0
006 a|||||r|||| 00| 0
007 ta
008 220917b |||||||| |||| 00| 0 eng d
024 _a222,401
037 _cTextual
040 _aARTS
_cARTS
_beng
041 _2eng
_aeng
082 _aU47:(Q), P4
100 _aGottlieb Roger S. Ed.
_9145688
245 0 _aThis sacred earth
_b Religion, nature, environment
250 _a2nd
260 _aNew York
_bRoutledge
_c2004
300 _axvii, 762p
_ccm.
650 _aGEOGRAPHY
942 _hU47:(Q), P4
_cTEXL
_2CC
999 _c278374
_d278374